[Contract and schedules relating to the construction of the Royal Infirmary, Edinburgh] (Record no. 116786)

MARC details
000 -LEADER
fixed length control field 00545cam a22001815a 4500
001 - CONTROL NUMBER
control field E142293
008 - FIXED-LENGTH DATA ELEMENTS--GENERAL INFORMATION
fixed length control field 080201s1875 xxk eng u
035 ## - SYSTEM CONTROL NUMBER
System control number (Sirsi) u142293
041 0# - LANGUAGE CODE
Language code of text/sound track or separate title eng
245 01 - TITLE STATEMENT
Title [Contract and schedules relating to the construction of the Royal Infirmary, Edinburgh]
Medium [manuscript]
260 ## - PUBLICATION, DISTRIBUTION, ETC.
Date of publication, distribution, etc. [1875]
300 ## - PHYSICAL DESCRIPTION
Extent 1v.
Dimensions 36cm.
340 ## - PHYSICAL MEDIUM
Material base and configuration Manuscript
351 ## - ORGANIZATION AND ARRANGEMENT OF MATERIALS
Hierarchical level Single item
651 4# - SUBJECT ADDED ENTRY--GEOGRAPHIC NAME
Geographic name Edinburgh
690 ## - LOCAL SUBJECT ADDED ENTRY--TOPICAL TERM (OCLC, RLIN)
Topical term or geographic name as entry element PROPERTY-OTHER PROPERTY TYPES-HEALTHCARE AND WELFARE PROPERTY-HOSPITAL PROPERTY
942 ## - ADDED ENTRY ELEMENTS (KOHA)
Suppress in OPAC 0
Holdings
Withdrawn status Lost status Source of classification or shelving scheme Damaged status Not for loan Home library Current library Shelving location Date acquired Total Checkouts Full call number Barcode Date last seen Copy number Price effective from Koha item type
    Dewey Decimal Classification     Archives Archives Archive copy 01/02/2008   BILLS OF QUANTITIES 142293-3001 06/08/2019 1 06/08/2019 Book